000 00358nam a2200157Ia 4500
008 231217s9999 xx 000 0 und d
041 _aEnglish
082 _a658.076 CHO
100 _aChopra, Ravi
245 0 _aCAT: Common admission test for IIM
250 _a1st ed.
260 _c1997
_bGalgotia
300 _aE-8
650 _aCAT
942 _cAA
999 _c165276
_d165276